Mở đầu về không gian vectơ Tôpô và một số vấn đề chọn lọc của giải tích hàm.

Đại cương về không gian vectơ Tôpô và không gian lồi địa phương. Ba nguyên lý cơ bản của giải tích hàm. Lý thuyết đối ngẫu.

Zapisane w:
Opis bibliograficzny
1. autor: Nguyễn Văn Khuê
Kolejni autorzy: Lê Mậu Hải
Format: Książka
Język:Vietnamese
Wydane: H. Đại học Sư phạm 2014
Wydanie:Tái bản lần thứ hai
Hasła przedmiotowe:
Etykiety: Dodaj etykietę
Nie ma etykietki, Dołącz pierwszą etykiete!
Thư viện lưu trữ: Mạng thư viện Đại học Đà Nẵng
LEADER 01443nam a2200373 4500
001 000024014
003 20493
005 20160921090935.0
008 160916s2014 viesd
020 |a 9786045404102  |c 32000đ 
041 0 |a vie 
082 1 4 |a 514.3  |b NG-K 
100 1 |a Nguyễn Văn Khuê 
245 1 0 |a Mở đầu về không gian vectơ Tôpô và một số vấn đề chọn lọc của giải tích hàm.  |c Nguyễn Văn Khuê 
250 |a Tái bản lần thứ hai 
260 |a H.  |b Đại học Sư phạm  |c 2014 
300 |a 152 tr.  |c 24 cm. 
504 |a Tài liệu tham khảo tr. 152 
520 3 |a Đại cương về không gian vectơ Tôpô và không gian lồi địa phương. Ba nguyên lý cơ bản của giải tích hàm. Lý thuyết đối ngẫu. 
650 0 4 |a Tôpô  |v Giáo trình  |x Không gian vectơ 
650 0 4 |a Giải tích hàm  |v Giáo trình 
653 |a Không gian Tôpô 
653 |a Tôpô 
700 1 |a Lê Mậu Hải 
OWN |a LSP 
AVA |a UDN50  |b LSP  |d 514.3 NG-K  |e available  |t Error 5001 Not defined in file expand_doc_bib_avail.  |f 10  |g 0  |h N  |i 0  |k 1 
999 |a From the UDN01 
AVA |a UDN50  |b LSP  |d 514.3 NG-K  |e available  |t Error 5001 Not defined in file expand_doc_bib_avail.  |f 10  |g 0  |h N  |i 0  |k 1 
TYP |a Monograph 
TYP |a Printed language 
980 |a Mạng thư viện Đại học Đà Nẵng